000
00478nam a2200181Ia 4500
008
100917s9999 xx 000 0 und d
082
_b
32061
100
_a
भावे पु. भा.
245
_a
रांगोळी
260
_b
नागपूर प्रकाशन
_c
1976
300
_a
184
365
_b
13
520
_a
निबंध
630
_a
रांगोळी
650
_a
निबंध
730
_a
रांगोळी
942
_c
BOOK
999
_c
637455
_d
637452